| 000 | 01125nam a2200277 a 4500 | ||
|---|---|---|---|
| 001 | BRCA_8413 | ||
| 005 | 20190320210253.0 | ||
| 008 | 010715s2009----mx-ab#####---#000-0#spa-# | ||
| 020 | _a97095137 | ||
| 041 | _aspa | ||
| 044 | _asp | ||
| 050 | 4 |
_aHQ1462 _b.M65 2009 |
|
| 100 | 1 |
_aMolina-Enríquez, Gracia _921064 |
|
| 245 | 1 | 0 |
_aMujeres en la historia, historias de mujeres _buna revisión de la historia de México a través de la participación de las mujeres _cGracia Molina-Enríquez, Carmen Lugo Hubp. |
| 260 |
_aMéxico _bSalsipuedes Ediciones _c2009 |
||
| 300 |
_axxi, 476 p. _bil. (algunas a color), mapas _c23 cm. |
||
| 440 | 0 |
_aÉpoca antigua. México 1950 _921065 |
|
| 500 | _aIncluye índice onomástico | ||
| 500 | _aIncluye piezas de la colección Franz Mayer: p. 59 | ||
| 500 | _aIncluye un resumen laboral de Elvia Barberena Blázquez, Directora de la Biblioteca del Museo Franz Mayer de 1989 a 1999 | ||
| 504 | _aIncluye referencias bibliográficas | ||
| 650 | 1 | 4 |
_aMujer _xHistoria _zMéxico _921066 |
| 651 | 4 |
_aMéxico _xHistoria _9614 |
|
| 700 | 1 |
_aLugo Hubp, Carmen _ecoaut. _921067 |
|
| 942 |
_2lcc _cB |
||
| 999 |
_c8081 _d8081 |
||